| 000 | 01010nam a2200289Ia 4500 | ||
|---|---|---|---|
| 001 | Z_5497 | ||
| 003 | CHAP | ||
| 008 | 220113s1978 xx 000 0 und d | ||
| 010 | _a168582 | ||
| 040 | _cCHAP | ||
| 090 | _aTesis V 2008 | ||
| 100 |
_aVázquez Gómez, Jorge _9120374 |
||
| 245 | _aEfecto del nitrógeno, época del año, frecuencias y altura de corte en las reservas de carbohidratos y materia seca en estrella africana (Cynodon plectostachyus (K.Schum)) y para (Brachiaria mútica (Fork) Stapf) | ||
| 260 |
_aCárdenas, Tab. : _bEl autor, _c1978 |
||
| 300 | _a169 h. ; Gráfs, | ||
| 502 | _aTesis (M: C. Esp. en Ciencia Animal) -- Colegio Superior de Agricultura Tropical | ||
| 650 |
_aCynodon 2,Nitrógeno _xEfecto en pastos _9142876 |
||
| 650 |
_aMateria seca _xDeterminación _972934 |
||
| 650 |
_aPanicum purpurascens _985109 |
||
| 650 |
_aPastos _xCabohidratos en _9142877 |
||
| 901 | _aTESIS V 2008 | ||
| 902 | _aM | ||
| 910 | _a1978 | ||
| 942 | _c2 | ||
| 942 | _c2 | ||
| 999 |
_c168582 _d168582 |
||